000 00840nas a2200277 4500
001 BR0903420
003 BR-BrBNA
005 20231205113713.0
007 ta
008 230509b bl.|||p| |||| 00| 00por d
040 _aBR-BrBNA
_bpor
_cBiblioteca Nacional de Agricultura
041 _a(Pt)
072 _aK10; F70
100 1 _aSilva, L.M.
100 1 _aHasse, I.
100 1 _aMoccelin, R.
100 1 _aZboralski, A.R.
245 1 _aArborização de vias públicas e a utilização de espécies exóticas: o caso do Bairro Centro de Pato Branco/Pr
650 _aPARANÁ
650 _aARBORIZAÇÃO
650 _aESPECIE NATIVA
650 _aIDENTIFICAÇÃO
773 0 _tScientia Agraria (Brazil)
_xISSN 1519-1125
_g(2007), v. 8(1) p. 47-53
_wBR0903420
909 _a202311
_bLúcia
_c55
_dLúcia Elande
942 _2AGRIS
_n0
_cANA
999 _c205152
_d205152